000 00470nam a2200133Ia 4500
003 GCL
008 140319s9999 xx 000 0 ara d
040 _aGCL /
_cGCL
082 0 4 _a956.8
_bع ق
245 1 0 _aقضاء عجلون فى عصر التنظيمات العثمانية
260 _a[S.N] :
_bاللجنة العليا لكتابة تاريخ الاردن ،
_c1992
300 _a103 ص
490 _aسلسلة الكتاب الام فى تاريخ الاردن
_v0
999 _c35533
_d35533